| 000 | 00745nam a2200217 a 4500 | ||
|---|---|---|---|
| 005 | 20220608065113.0 | ||
| 008 | 991125s1980 es 000 0 spa u | ||
| 020 | _a8485252489 (Obra completa) | ||
| 035 | _aUPN01000008133 | ||
| 049 | _aCG | ||
| 050 | 4 |
_aLC8 _bE8.6a no.6-7 |
|
| 100 | 1 |
_aRodríguez Moreno, María Luisa, _d1941- _929612 |
|
| 245 | 1 | 0 |
_aCifras : _bfichas de educación preescolar y especial / _cMa. Luisa Rodríguez Moreno, Luis Rodríguez Pérez. |
| 260 |
_aMadrid : _bCEPE, _c1980. |
||
| 300 | _a2 v. | ||
| 440 | 0 |
_aEducación especial ; _v6-7 |
|
| 650 | 4 |
_aMatemáticas _xEstudio y enseñanza (Preescolar) _94038 |
|
| 650 | 4 |
_aNIÑOS DE LENTO APRENDIZAJE _910314 |
|
| 700 | 1 |
_aRodríguez Pérez, Luis, _ecoaut. |
|
| 905 | _aLibro | ||
| 999 |
_c8133 _d8133 |
||